Normal view
MARC view
- تاليف سعيد، همام عبد الرحيم
Entry Personal Name
001 - CONTROL NUMBER
- control field: 41089
003 - CONTROL NUMBER IDENTIFIER
- control field: JO-AjAnu
005 - DATE AND TIME OF LATEST TRANSACTION
- control field: 20230606080827.0
008 - FIXED-LENGTH DATA ELEMENTS
- fixed length control field: 230606|| aca||aabn | a|a d
040 ## - CATALOGING SOURCE
- Original cataloging agency: JO-AjAnu
- Transcribing agency: JO-AjAnu
100 ## - HEADING--PERSONAL NAME
- Personal name: تاليف سعيد، همام عبد الرحيم
670 ## - SOURCE DATA FOUND
- Source citation: Work cat.: (JO-AjAnu)21058: تاليف سعيد، همام عبد الرحيم, author, العلل في الحديث: دراسة منهجية في ضوء شرح الترمذي لابن رجب الحنبلي مع ترجمة ضافية لابن رجب